Ecosystems of the Eastem Andes Mountain Range in Colombia (Registro nro. 12948)

Detalles MARC
000 -CABECERA
Campo de control 005200000a22001690004500
090 ## - CLASIFICACIÓN LOCAL
Colección AR
Consecutivo 03913
100 1# - ASIENTO PRINCIPAL--NOMBRE PERSONAL
Nombre personal Armenteras, Dolors
245 10 - MENCION DE TITULO
Título Ecosystems of the Eastem Andes Mountain Range in Colombia
500 ## - NOTA GENERAL
Nota general <Contribución Humboldt>
650 14 - ASIENTO SECUNDARIO DE MATERIA - TERMINO TEMATICO
Término temático o nombre geográfico como elemento de entrada Mapas de ecosistemas
650 14 - ASIENTO SECUNDARIO DE MATERIA - TERMINO TEMATICO
Término temático o nombre geográfico como elemento de entrada Geografía
651 #4 - ASIENTO SECUNDARIO DE MATERIA - NOMBRE GEOGRAFICO
-- Cordillera de los Andes
-- Colombia
700 1# - ASIENTO SECUNDARIO - NOMBRE PERSONAL
Nombre personal Franco, Carol
700 1# - ASIENTO SECUNDARIO - NOMBRE PERSONAL
Nombre personal Villarreal, Héctor
773 1# - Item fuente:
Título ESRI Map Book
Paginas del Articulo 28
Lugar, editorial y fecha de publicación 2001
Información sobre la relación 16
942 ## - ELEMENTOS ADICIONALES (KOHA)
Tipo de ítem Artículo
Existencias
Withdrawn status Lost status Damaged status No para préstamo Colección Ubicación Permanente Ubicación actual Fecha de adquisición Datos de publicación Seriada Total Checkouts Número topográfico Inventario / Código de Barras Date last seen Price effective from Forma de adquisición Tipo de material
      No para Préstamo Hemeroteca Bogotá Bogotá 27/02/2015 Fuera de circulación   AR 03913 017464 25/03/2015 25/03/2015   Artículo